header

Refusal to license intellectual property rights as abuse of dominance (Record no. 99399)

MARC details
000 -LEADER
fixed length control field 01769nam a2200397 a 4500
100 1# - MAIN ENTRY--AUTHOR NAME
Personal name Schmidt, Claudia,
245 10 - TITLE STATEMENT
Title Refusal to license intellectual property rights as abuse of dominance
260 ## - PUBLICATION, DISTRIBUTION, ETC. (IMPRINT)
Place of publication Frankfurt am Main :
Name of publisher Peter Lang,
Year of publication c2010.
300 ## - PHYSICAL DESCRIPTION
Number of Pages xii, 222 p. :
Other physical details ill.
490 1# - SERIES STATEMENT
Series statement Political economics, competition and regulation,
500 ## - GENERAL NOTE
General note Modified version of author's dissertation (Ph.D) -- Philipps-University Marburg, 2010.
650 #0 - SUBJECT ADDED ENTRY--TOPICAL TERM
Topical Term License agreements
Topical Term Intellectual property
Topical Term Competition, Unfair
Topical Term Antitrust law
Topical Term Restraint of trade
856 40 - ELECTRONIC LOCATION AND ACCESS
Uniform Resource Identifier http://site.ebrary.com/lib/rucke/Doc?id=10601317

No items available.

© 2026 Rongo University
Contact us: librarian | system librarian | Rongo university